Обзоры (три) деятельности благотворительных комитетов для оказания помощи населению, пострадавшему от неурожая 1891-1892 годов п...

Доступно только в Электронных читальных залах Найти на картеНа карте
RUSMARC
00003884nmc2a22002533x 450
0018fce4ea1-f196-4d45-badc-d32b2cc328b9
00520230904211328.0
100##$a20230517l18921892k l0rusy0189 ca
1010#$arus
102##$aRU
105##$ay###
1222#$ad
2001#$aОбзоры (три) деятельности благотворительных комитетов для оказания помощи населению, пострадавшему от неурожая 1891-1892 годов по Казанской, Нижегородской и Пензенской губерниям
$j1892 г.
215##$a43 л.
$d36,5х26 см
251##$cДело
300##$aМихаил Петрович фон Кауфман (1821-1902 годы). Материалы, связанные со служебной деятельностью. По Российскому обществу Красного Креста и Комитету помощи пострадавшим от неурожая
300##$aПечатные и рукописные
371##$aДокумент не является опубликованным и широко распространяемым
461#0$100190e07281-0192-43e2-b84a-6d6cf747817c
$12001
$aФон Кауфманы и фон Кауфманы Туркестанские
$1251
$cФонд
$1852
$j954
462#0$1001ff04dd05-f76b-4284-9957-af4e9e6c0442
$12001
$aМатериалы к истории рода Kауфманов; личные и служебные документы К.П., М.П., П.М. Кауфмана
$1251
$cОпись
$1852
$j1
801#0$aRU
$bРГИА
$c20230517
$gRCR
801#1$aRU
$bГлавНИВЦ
$c20230517
$2rusmarc
801#2$aRU
$bПБ им. Б.Н. Ельцина
$c20230904
$gRCR
$2rusmarc
850##$aРГИА
852##$aРГИА
$eФедеральное казенное учреждение "Российский государственный исторический архив" (РГИА)
$j231
937##$hРГИА
$d12390625
$aASBIBLIO_SCAN
035##$aRusGRCC00059412
856##$uhttp://readingroom.main.prlib.ru/item.aspx?id_node=n187353500&mode=full
Формат отображения